000 01017cgm a2200277 4500
001 B3208
008 090401t1986 xxu||||| |||| 00| 0 eng d
035 _a(Sirsi) u54734
041 _aeng
050 _a333.33
_c18
100 _aNorman, Laurie
245 4 _aThe management of flats
_h[sound recording]
260 _aLondon
_bRICS
_c1986
300 _a1 sound cassette (ca. 60 min.)
350 _a10
490 _aOwlion Audio Programme
520 _aAdvice is given on one of the most testing tasks that chartered surveyors are called upon to undertake. The many diverse problems associated with the task are dealt with by practitioners with immense experience of the practical and legal issues.
650 _aFLATS
650 _aProperty management
_96262
690 _aPROPERTY MANAGEMENT-RESIDENTIAL PROPERTY
700 _aDenyer-Green, Barry P. D.
710 _aCollege of Estate Management
_9400
710 _aRoyal Institution of Chartered Surveyors
_94900
942 _n0
948 _c04/03/1997
999 _c85298
_d85298